| 000 | 00428nam a2200181Ia 4500 | ||
|---|---|---|---|
| 999 |
_c26577 _d26577 |
||
| 003 | OSt | ||
| 005 | 20250728131722.0 | ||
| 008 | 200615s9999||||xx |||||||||||||| ||und|| | ||
| 020 | _a9788178080314 | ||
| 040 | _cMUIT | ||
| 082 |
_a650 _bBUS-C |
||
| 100 | _aCHRISTOPHER,MARTIN. | ||
| 245 | 0 | _aBUSINESSLOGISTICS/SUPPLY CHAIN MANAGEMENT | |
| 250 | _a2ND | ||
| 260 |
_aPearson _bPEARSON _c2005 |
||
| 300 | _a304 | ||
| 942 |
_cBK _2ddc |
||